000 00450nam a2200181Ia 4500
001 19295
005 20260306172642.0
008 260306t1994||||xx |||||||||||||| ||spa||
041 _aESP
082 _a658.83
_bL49
100 _aLerner, Mauricio
_eAUT
245 0 _aMétodos y procedimientos de investigación de mercados
260 _c1994
300 _a397 páginas :
_c20 cm.
650 _aGEN
654 _aCAN
942 _cLIB
_dJUS
_fJUS
_2ddc
_n
999 _c19295
_d19295